000 00502nam a22001817a 4500
003 CEME
005 20210628204615.0
008 210219b xxu||||| |||| 00| 0 eng d
020 _a0-89806-126-1
040 _c.
082 _a658.5 BOC'T
100 _aShell, Richard L Bockerstette, Joseph
_971207
245 _aTime based manufacturing
260 _aNEWYORK
_bMCGRAW HILL
_c1993
300 _a336P
650 _aINDUSTRIAL MANAGEMENT PRODUCTION MANAGEMENT ACC NO-30117
_971208
942 _cBK
_2ddc
999 _c577853
_d577853